000 01355cam a22002771i 4500
003 SA-RiAUC
005 20250929122751.0
008 250928s1994 su a g b 00010 ara c
040 _aSA-JeALM
_bara
_cSA-RiAUC
_erda
043 _aa-su---
082 0 4 _a378.953121
_qSA-RiAUC
090 _a378.953121
_bك ا ظ
100 1 _aالكاظمي، زهير بن أحمد علي،
_d1369 هجري-
_eمؤلف.
245 1 2 _aالمشكلات التعليمية التي تواجه طالبات جامعة أم القرى بمكة المكرمة /
_cزهير بن أحمد علي الكاظمي.
264 1 _aمكة المكرمة :
_bجامعة أم القرى :
_bمعهد البحوث العلمية وإحياء التراث الإسلامي، مركز البحوث التربوية والنفسية،
_c1994
300 _a104 صفحة :
_bجداول ؛
_c24 سم.
336 _aنص
_btxt
_2rdacontent
_3كتاب
337 _aبدون وسيط
_bn
_2rdamedia
490 0 _aسلسلة بحوث العلوم التربوية والنفسية ؛
_v33
504 _aببليوجرافية : صفحة 96-104.
525 _aيشتمل على ملاحق.
650 7 _aطلبة الجامعات
_zالسعودية
_2aucsh
650 7 _aالتعليم العالي
_zالسعودية
_2aucsh
942 _2ddc
_cBOOK
_n0
949 _aSA-JeALM
_d250928
_uosman123
_n1
999 _c12205
_d12205